000 00286nam a2200109Ia 4500
008 200302s9999 xx 000 0 und d
100 _aEugene and Barbara
245 _aCommunity Centers and Student Unions
260 _bVan Nostrand Reingold Co. Ltd.
260 _c1971
300 _a319 P.,
999 _c2327
_d2327